000 00632nam a2200277Ia 4500
005 20260324145106.0
008 008 260324s9999 xx 000 0 eng d
020 _a9781003073345
037 _aEBOOK
040 _aCRL
040 _beng
040 _cCRL
041 _2eng
041 _aeng
084 _qCRL
100 _aJoseph Kostiner
_91215773
245 4 _aThe Struggle for South Yemen
260 _bTaylor and Francis
260 _c1984
365 _a
365 _b240
856 _uhttp://www.taylorfrancis.com/books/9781003073345
942 _cEBOOK
999 _c1829157
_d1829157